000 01408cam a2200313 4500
008 040423n2003 000 0 eng u
020 _a1860816584
035 _a(Sirsi) u125937
041 _aeng
050 _a614.7
_c18
100 _aKukadia, Vina
245 _aControlling particles, vapour and noise pollution from construction sites
_bPart 5 fabrication processes and internal and external finishes
260 _aWatford
_bBRE
_c2003
300 _a6p.
_c300cm.
490 _aBRE Pollution Control Guide
_v5
520 _aThis guide is the fifth in a series intended to assist with the control of air pollution and noise emissions from construction sites. It sets out guidance on controlling pollution emissions associated with construction fabrication processes and internal and external finishes. Although techniques have not been validated under controlled conditions and therefore must be used with care, recommendations are drawn from cases where they have been found to be effective.
650 _aPOLLUTION
650 _aAIR POLLUTION
650 _aNOISE POLLUTION
650 _aCONSTRUCTION SITES
650 _aFINISHES
690 _aBUILDING AND CONSTRUCTION-MANAGEMENT
700 _aUpton, Stuart
700 _aGrimwood, C.
700 _aYu, C.
710 _aBuilding Research Establishment
710 _aUnited Kingdom
_bDepartment of Trade and Industry
942 _n0
999 _c103514
_d103514